|
|
|
|
| LEADER |
01232nam a2200313 a 4500 |
| 001 |
33857 |
| 003 |
BD-DhAAL |
| 005 |
20211124115443.0 |
| 008 |
181018t2015 enka|||| |||| 00| 1 eng d |
| 999 |
|
|
|c 40062
|d 40062
|
| 020 |
|
|
|a 9781447231233
|
| 040 |
|
|
|a BD-DhAAL
|
| 082 |
|
|
|2 23
|a 813.6
|
| 100 |
|
|
|a Rahman, Zia Haider
|9 28449
|
| 245 |
|
|
|a In the light of what we know /
|c Zia Haider Rahman
|
| 250 |
|
|
|a First Picador edition.
|
| 260 |
|
|
|a London :
|b Picador
|c 2015
|
| 300 |
|
|
|a 564 pages :
|b illustration (black and white) ;
|c 20 cm.
|
| 500 |
|
|
|a Originally published: 2014.
|
| 520 |
|
|
|a A bold, epic debut novel set during the war and financial crisis that defined the beginning of our century.
|
| 526 |
|
|
|a ENH
|
| 541 |
|
|
|a Karim International
|e 33857
|
| 650 |
|
|
|a Male friendship
|v Fiction.
|9 28450
|
| 650 |
|
|
|a Missing persons
|v Fiction.
|9 28451
|
| 650 |
|
|
|a Investment banking
|v Fiction.
|9 28452
|
| 650 |
|
|
|a English literature
|9 42987
|
| 852 |
|
|
|a Ayesha Abed Library
|c General Stacks
|
| 942 |
|
|
|2 ddc
|c BK
|
| 952 |
|
|
|0 0
|1 0
|2 ddc
|4 0
|6 813_600000000000000_RAH
|7 0
|9 64462
|a BRACUL
|b BRACUL
|c GEN
|d 2018-10-15
|e Karim International
|g 918.00
|l 6
|m 52
|o 813.6 RAH
|p 3010033857
|q 2026-08-16
|r 2026-04-16
|s 2026-04-16
|t 1
|v 918.00
|w 2018-10-15
|y BK
|